| 000 | 01617nam a2200349 c 4500 | ||
|---|---|---|---|
| 999 |
_c56798 _d56798 |
||
| 003 | BLK | ||
| 005 | 20230202124954.0 | ||
| 008 | 180408b bul|||||r ||||||| ||bul|| | ||
| 010 | _aKNG00060784000 | ||
| 040 | _aBLK | ||
| 041 |
_aBUL _cBUL |
||
| 080 |
_aОкеанология (океанография). Релеф на морското дъно - Общи въпроси, теория, наблюдения, прибори, приложна океанология, зони на морето и тяхното хоризонтално деление, морско равнище, вълни, при _b551.46 _z551.46 |
||
| 100 | 1 |
_aЗалогин, Борис _eпърви автор _9287118 |
|
| 139 |
_aЗалогин, Борис _bЗ 29 |
||
| 245 | 1 | 0 |
_aОкеанът и човекът _bИзследване _cБорис Залогин; прев. от рус. Вихра Гочева. |
| 246 | _aОкеан человеку | ||
| 257 | _aBGR | ||
| 257 | _aSUN | ||
| 260 |
_bНаука и изкуство _c1986 _aСофия |
||
| 260 |
_b Мысль _c1986 _aМосква |
||
| 300 |
_a224 с. _bс ил. _c24 см |
||
| 380 | _a5 | ||
| 500 | _aОриг. загл. Океан человеку / Б. С. Залогин. - библиогр. с. 221-222. | ||
| 504 | _a221-222 | ||
| 650 | 4 |
_aОкеани - география _9261327 |
|
| 653 | _aокеани | ||
| 653 | _aикономическа география | ||
| 653 | _aСветовен океан | ||
| 700 | 1 |
_aГочева, Вихра _eпрев. от рус. _9287119 |
|
| 852 | _aЦб 146197 | ||
| 856 | 4 | _qpdf | |
| 856 | 4 | _qpdf | |
| 942 |
_cKNG _n0 _s1 _01 |
||
| 944 |
_aCR _c13.06.2004 _kЦветанка_Енчева |
||
| 944 |
_aED _c25.09.2017 _kСевдалина_Василева |
||
| 999 | _d56798 | ||